000 00697nam a2200229Ia 4500
001 8799
003 GE_BSU
008 181216s||||||||xx |||||||||||||| ||und||
040 _cGE_BSU
080 _a821.353.1–1
100 _aკაკუშაძე,თენგიზ
245 _aცისფერი ქედი
245 _bლექსები
245 _cრედ.შ. ნიშნიანიძე,მხატვ.ო.ჯიშკარიანი
260 _aთბილისი
260 _bმერანი
260 _c1971
300 _a57გვ.16სმ.
653 _aლექსები.
653 _aცისფერი ქედი
942 _cBK
999 _c42108
_d42108